| 000 | 00560nam a22001937a 4500 | ||
|---|---|---|---|
| 003 | CEME | ||
| 005 | 20210628203252.0 | ||
| 008 | 210122b xxu||||| |||| 00| 0 eng d | ||
| 020 | _a0-07-298286-1 | ||
| 040 | _c. | ||
| 082 | _a808.0427 MOT | ||
| 100 |
_aMiller, Robert Keith _964408 |
||
| 245 | _aMotives for writing | ||
| 250 | _a5TH | ||
| 260 |
_aNEW YORK _bMCGRAW HILL _c2005 |
||
| 300 | _aXXVI,710 P | ||
| 650 |
_aCOLLEGE READERS.REPORT WRITING- PROBLEMS, EXERCIESS, ETC, ENGLISH LANGUAGE RHETORIC PROBLEMS EXERCISES ETC, _964409 |
||
| 942 |
_cBK _2ddc |
||
| 999 |
_c572908 _d572908 |
||